| 000 | 00826nam a22002297a 4500 | ||
|---|---|---|---|
| 999 |
_c4917 _d4917 |
||
| 003 | AR-CdUCM | ||
| 008 | 190311b ||||| |||| 00| 0 spa d | ||
| 040 |
_aMUNICIPALIDAD PROVINCIAL DEL CUSCO _cBIBLIOTECA MUNICIPAL DEL CUSCO |
||
| 082 |
_22ed. _a780.2 / _bC76 |
||
| 100 |
_aCopland, Aaron. _914098 |
||
| 245 | _aCómo escuchar la música / | ||
| 260 |
_aLa Habana : _bHuracan, _c1974. |
||
| 300 |
_a510 paginas ; _bPentagrama, _c18 cm. |
||
| 500 | _aDonación de la familia Nieto | ||
| 505 | _aComo escuchamos -- El proceso del creador de la música -- Los cuatro elementos de la música -- Timbres simples -- La forma binaria... | ||
| 650 |
_aMúsica _91443 |
||
| 650 |
_aPentagramas _915098 |
||
| 650 |
_aNotas musicales _93142 |
||
| 700 |
_aGay - Bal, Jesús _eTraductor _947659 |
||
| 942 |
_2ddc _cLIBROS |
||
| 945 | _awnts | ||